[Event "Mechanics' Summer TNM; G/2 d5"]
[Site "San Francisco"]
[Date "2017.07.18"]
[Round "8.3"]
[White "Winslow, Elliott C"]
[Black "Diaz, Conrado"]
[Result "1-0"]
[WhiteElo "2291"]
[BlackElo "2305"]
[Annotator "Winslow"]
[PlyCount "95"]
[EventDate "2017.??.??"]

1. d4 e6 2. c4 Nf6 3. Nf3 b6 4. Nc3 Bb4 5. e3 ({I played} 5. Bg5 {
not too long ago against Critelli and stumbled into a win.}) (5. Qb3 $5) 5...
Bb7 6. Bd3 O-O (6... Ne4 7. O-O {is a famous gambit.}) 7. O-O d5 (7... Bxc3 8.
bxc3 d6 (8... Ne4) (8... c5) (8... Be4 9. Be2)) 8. cxd5 (8. a3) (8. Qc2) 8...
exd5 9. Ne5 (9. a3 Bd6 10. b4 a6 11. Qb3 $14 {
is another direction entirely (and probably better).}) (9. Qb3) (9. Bd2) 9...
c5 (9... Nbd7 10. f4 {Pillsbury's setup"} c5 11. Ne2 {White brings another
knight to the kingside and leaves Black's b4-bishop "empty-handed".} c4 {
An aggressive, double-edged continuation.} ({The solid} 11... cxd4 {was played
in the stem game Jussupow-Timman (see below). Still, White keeps a tiny edge
in that case, mostly due to the poor position of Black's d7-knight:} 12. exd4)
12. Bf5 $5 (12. Bc2 b5 13. b3 (13. Bd2 Be7 14. Ng3 Re8 15. Qf3 Bf8 16. Rac1 Nb6
17. Ba5 Ne4 $132 {0-1 (36) Iljiushenok,I (2422)-Shimanov,A (2549) Moscow 2012})
13... Nb6 14. Rb1 Qe7 $13 (14... Be7 $143 15. bxc4 bxc4 16. a4 Qc7 17. Nc3 Nc8
18. Nb5 Qd8 19. Rf3 a6 20. Nc3 Nd6 21. Rh3 $40 {
0-1 (53) Georgiev,V (2554)-Rosen,E (2414) Saint Louis 2015})) 12... g6 ({
The immediate} 12... b5 {was quite good, too:} 13. b3 Nb6 14. Rb1 Qd6 15. Ng3
Rfe8 16. Qc2 Bc8 17. bxc4 Nxc4 $11 18. e4 $2 dxe4 19. Nxc4 bxc4 20. Qxc4 a5 {
0-1 (26) Gschnitzer,O (2475)-Piskov,Y (2520) Germany 1993}) 13. Qa4 {That was p
robably White's idea behind 12.Bf5. However, Black obtains a good position
after the bishop exchange.} ({In the event of} 13. Bc2 {
White's previous move doesn't make much sense:} b5 14. f5 $6 Bd6 $1 {
is favourable for Black.}) 13... gxf5 14. Qxb4 Ne4 15. a4 f6 16. Nf3 Nb8 $1 {
[%mdl 32] Finally activating this knight. A complicated game, 1-0 (64) Caruana,
F (2787)-Adams,M (2744) Wijk aan Zee 2016 CBM 171 [Krasenkow,M]}) (9... Bd6 10.
f4 c5 11. Qf3 Nc6 12. Qh3 g6 13. Kh1 Re8 14. Bd2 Bf8 15. Bb5 Qc8 $13 {
White has the attack but Black is not worse.}) 10. a3 (10. Bd2) (10. Ne2 $5 c4
11. Bc2 Nc6 12. f4 b5 13. Ng3 Ne7 14. f5 $5 {Again too ambitious.} (14. Bd2 Bd6
(14... Qa5 15. Bxb4 Qxb4 16. Qe2 $16) 15. Qf3 Qc7 $13 {was an option.}) 14...
Kh8 $2 {...and too cautious!} (14... Bd6 15. Ng4 Nxg4 16. Qxg4 f6 17. Nh5 Rf7
$13) 15. Nh5 Neg8 16. Nf4 Bd6 17. Bd2 Qe7 {
I have chosen this among many other options.} (17... Nh6 $5) (17... a5 18. Be1)
(17... b4 18. Rf3 (18. Qf3 Qc7) (18. Qe1 a5 19. Qh4 Nh6 $13) 18... Nh6 19. Rh3
$40) 18. Rf3 {
0-1 (34) Atalik,E (2444)-Atalik,S (2607) Kavala 2010 CBM 137 Extra [Atalik,S]})
10... Bxc3 11. bxc3 c4 $2 $146 {I don't believe it. This must be an especially
bad version of Botvinnik-Capablanca, etc.} 12. Bc2 (12. Bb1 $1 {
of course would save me a move}) 12... Nc6 13. Nxc6 Bxc6 14. f3 Re8 15. Qe1 b5
16. Ra2 Qa5 17. Bb1 Re7 18. Re2 Rae8 19. g4 Qc7 20. Qh4 h6 21. Rg2 Nh7 22. g5
Qd6 23. gxh6 (23. f4 $1 {was my idea a move later, but I forgot about it on
either move when I got here/ there.}) 23... g6 24. Re1 Kh8 25. e4 dxe4 26. fxe4
$16 a5 (26... Re6 $16) 27. Rge2 Kg8 28. e5 Qe6 29. Qg3 Kh8 (29... b4 30. axb4
axb4 31. cxb4 Qd5 32. b5 $5 Bxb5 (32... Qxb5 33. Ba3 Re6 34. Bc5)) 30. h4 (30.
Bd2 {is a good "safety" move}) 30... Rd7 31. Rf1 Rg8 (31... f5 {
and I can't take on f5 (R/d7 guards the mate),} 32. Be3) 32. Kh2 b4 33. axb4
axb4 34. Be4 $2 (34. Ref2 bxc3 35. Qxc3 Rb7 36. Bc2 Rd8 37. h5 Bd5 38. Qg3 Rg8
39. hxg6 fxg6 40. Qh3) 34... Bxe4 35. Rxe4 f5 36. Re2 $2 (36. Ree1) 36... Nf6
$1 37. Bg5 Ng4+ 38. Kg1 (38. Kg2 Rb8 39. Rd1 b3 40. Qf4 $11) 38... Rb8 (38...
Ra8 $5) 39. Rb2 Rbb7 (39... Kh7 $1) 40. Ra1 bxc3 41. Ra8+ $2 (41. Qxc3 Kh7 42.
Rxb7 Rxb7 43. Rc1 Qd5 44. Qxc4 Qe4 $11 45. e6 f4 46. Qc3 Qe2 47. Qc7+ Rxc7 48.
Rxc7+) 41... Kh7 42. Qxc3 Qd5 $2 (42... Qc6 $17 43. Re8 Rf7 44. e6 Qxe8 45.
exf7 Rxf7 46. Qxc4 Qe1+ 47. Qf1 Qc3 48. Rd2 f4 $17) 43. Rb8 $2 (43. Re8 $1 {
0.00x5}) 43... Ra7 $2 (43... Rxb2 44. Rxb2 Qe4 45. e6 Qxe6) 44. Rb1 (44. Re2
Rdb7 45. Rxb7+ Rxb7 46. Rb2) (44. Bc1 $5 $15) 44... Ra2 45. R8b2 Rda7 (45...
Rxb2 46. Qxb2 Rf7 (46... f4)) 46. e6 R2a3 $4 {[#]} (46... Ra1 47. Rxa1 Rxa1+
48. Bc1 Rxc1+ 49. Qxc1 Qxd4+ 50. Kh1 Ne3 51. Qe1 f4 52. Rf2 Qe5 $11) 47. Qxa3
$3 {Well, desperation, too...} Qxd4+ (47... Rxa3 48. Rb7+ Kh8 49. Rb8+ Kh7 50.
R1b7+ Qxb7 51. Rxb7+ Kg8 52. Rb8+ Kh7 53. e7) 48. Be3 $3 (48. Be3 Nxe3 49.
Qxa7+ Qxa7 50. Rb7+) 1-0

[Event "Mechanics' Fall TNM; G/2 d5"]
[Site "San Francisco"]
[Date "2017.11.14"]
[Round "4.5"]
[White "Winslow, Elliott C"]
[Black "Dougal, Michael"]
[Result "1-0"]
[WhiteElo "2318"]
[BlackElo "1936"]
[Annotator "Winslow,Elliott"]
[PlyCount "101"]
[EventDate "2017.??.??"]

1. d4 Nf6 2. c4 g6 3. Nc3 Bg7 4. e4 d6 5. Nf3 O-O 6. Be2 e5 7. d5 a5 (7... Nbd7
8. Bg5 h6 (8... a5 9. Nd2) 9. Bh4 g5 (9... a6 10. Nd2 Qe8 11. O-O Nh7 12. b4
Ng5 (12... h5 $5 13. f3 Bh6 14. Bf2 $1 Qe7 $1 (14... a5 15. Nb5 Qd8 16. c5) (
14... f5 15. c5 f4 16. Nc4 Qe7 17. Na4 g5 18. cxd6 cxd6 19. Nab6 Nxb6 20. Nxb6
Rb8 21. Rc1 $16) 15. Nb3 f5 (15... h4 $6))) 10. Bg3 Nh5 11. h4 g4 (11... Nf4
12. hxg5 hxg5 13. Qc2) 12. Nh2 (12. Nd2 f5 13. exf5 Ndf6 14. Bxg4 (14. Qc2 e4)
14... Nxg3 15. fxg3 Nxg4 16. Qxg4 Bxf5 17. Qe2 e4) 12... Nxg3 13. fxg3 h5 (
13... f5 $1 14. exf5 Nc5 15. O-O (15. Nxg4 Bxf5 16. O-O Qe7 (16... e4))) 14.
O-O f5 (14... Bh6) 15. exf5 (15. Rxf5 $5)) (7... Na6 8. Nd2 $5 (8. Bg5) (8. O-O
)) (7... Nh5 8. g3 a5 (8... f5 $2) (8... Nd7)) 8. Bg5 (8. h3 Na6 (8... Nh5 9.
Nd2 Nf4 10. Bf1 Na6 11. g3 Nh5 12. Nb3 b6 13. Be3 Bd7) 9. Bg5 h6 (9... Qe8 10.
Nd2 (10. g4 Kh8 {Gabriel - Smirin, Pula 2000})) (9... Nc5) 10. Be3 Nh5 (10...
Nd7 11. Qd2 Kh7 12. g4 Ndc5 13. O-O-O f5 14. exf5 gxf5 15. Rdg1 $1 {
Â1/2-Â1/2 72, Kramnik - Smirin, Moscow 1995}) 11. Nd2 (11. Qd2 Nf4) 11... Nf4
12. Bf1 Nc5 (12... f5 13. g3 (13. exf5 Bxf5 14. Nde4 c6 15. g3 cxd5 16. cxd5 b5
$1) 13... Nd3+ $1 14. Bxd3 f4 15. Qe2 Bd7 16. O-O-O fxe3 17. Qxe3 Qf6 18. Rdf1
a4) (12... Nb4 13. Ndb1 f5 14. a3) 13. Nb3 b6 14. g3 Nh5 15. Nxc5 bxc5 16. Qd2
Kh7 17. Be2 Nf6 18. O-O-O Qe7 19. g4 Nd7 20. h4 Nb6 21. h5 g5 22. Nb5 Ba6 23.
Qc2 Bxb5 24. cxb5 a4 25. a3 Ra7 26. Kd2 Rfa8 27. Ra1 Qd7 28. Rhb1 Bf8 29. Ke1
Be7 30. f3 Kg8 31. Kf2 Kg7 32. Kg2 Kg8 33. Bd2 {
1/2-1/2 (35) Kramnik, V (2715)-Ivanchuk,V (2700) Moscow 1995} Kh7 34. Ra2 Kg8
35. Raa1 {1/2-1/2 (35) Kramnik, V (2715) -Ivanchuk,V (2700) Moscow 1995}) 8...
h6 (8... Na6 9. Nd2 Qe8 (9... h6 10. Be3 (10. Bh4)) 10. g4 $1 (10. a3)) 9. Be3
(9. Bh4 Na6 10. Nd2) 9... Ne8 $5 (9... Ng4 {
"Practically forced, Nd2 is coming next otherwise." (Kramnik)} 10. Bd2 {
was yet another Kramnik discovery, but it's not so great now...} f5 11. h3 Nf6
12. exf5 gxf5 (12... Bxf5 {"is not really an option" (Kramnik)} 13. g4 Bd7 14.
g5 $16) 13. Qc1 $1 {
1-0 (41) Kramnik,V (2769)-Nakamura,H (2775) London 2014 CBM 164 [Kramnik,V]})
10. Qd2 Kh7 11. Qc2 $146 (11. O-O-O Bd7 12. g3 Na6 13. Nh4 c6 14. Ng2 Qb8 15.
h4 b5 16. dxc6 b4 17. Nd5 Bxc6 18. h5 g5 19. f4 f6 20. Bg4 Bxd5 21. cxd5 Nec7 {
1/2-1/2 (63) Andrade,R-Dos Anjos,A (1848) Joao Pessoa 2011}) 11... f5 12. exf5
Bxf5 (12... gxf5 13. g3 $1 (13. g4 $5) (13. O-O-O)) 13. Ne4 Nf6 14. Nfd2 Nbd7 (
14... Nxe4 15. Nxe4 Qh4 16. Bd3 Na6 17. a3 b6 18. O-O-O Nc5 {
really is okay for Black}) 15. Bd3 {Now I can dream of keeping a knight around}
Nxe4 16. Bxe4 Bxe4 17. Nxe4 b6 $2 {and now it's a surety!} 18. h4 $1 Nf6 19.
Bg5 $5 {When I saw this positional plus (good knight vs. bad bishop etc.) I
stopped looking at the other move, but as usual the computer chides me for
laziness:} (19. Ng5+ hxg5 20. hxg5+ Kg8 21. Qxg6 Qe8 22. Qc2 Nh5 23. g4 (23.
Kd2 $5) (23. Rh4 $5) 23... Nf4 24. Qh7+ Kf7 25. g6+ $1 (25. Bxf4 exf4+) 25...
Nxg6 26. Bh6 Rg8 27. Rh5 Ne7 28. Rg5 Qf8 29. Rf5+ Nxf5 30. Qxf5+ Ke8 31. Qe6+
$1) (19. h5 $1 {I also stopped looking at:} Nxe4 (19... Qe8 20. hxg6+ {
and he can't take back} Kg8 21. Ng3 Ng4 22. Nf5 Qd7 23. Rh5) 20. hxg6+ Kg8 (
20... Kxg6 21. Qxe4+ Kf7 22. Rh3)) 19... Qe8 20. Bxf6 Bxf6 21. O-O-O (21. h5)
21... Bg7 22. h5 Kg8 23. hxg6 Qxg6 24. Rh3 Rf4 25. f3 Kf7 26. Rf1 $6 (26. Qa4
Qxg2 $4 27. Rg3) 26... Qf5 $6 (26... Ke7) 27. Rhh1 $6 (27. Rfh1 Ke7 28. Qa4 $16
Qd7 29. Qxd7+ Kxd7 30. Rg3) 27... Qg6 (27... Ke7) 28. g3 $6 Rf5 29. Qa4 Re8 (
29... Ke7 30. Qc6 Rc8 31. c5 ({At first SF8 liked} 31. b3 {
which I would have been hard-pressed to find.}) 31... bxc5 32. Nxc5 Qe8 33.
Qxe8+ Kxe8 34. Ne6 Rf7 35. Kd2) 30. c5 $5 {
Would he get a bit lost in the tactics?} dxc5 $2 (30... bxc5 31. Qxa5 Re7 {
was my ghost idea, creating a passed pawn to scare him with -- Stockfish
thinks it's next to nothing, but I'd be uncomfortable.}) 31. d6 $1 $18 cxd6 (
31... Qe6 $6 32. dxc7 Rc8 33. Rd1 Kg8 34. Rd6 Qe7 35. Rd7 Qe6 36. Rhd1) 32.
Qd7+ Re7 $2 (32... Kg8 33. Nxd6 Ref8 34. Nxf5 Rxf5 35. Qd3 {
is "only" 1.50 +/- but I'd be fine with it.}) 33. Qxf5+ $6 (33. Nxd6+ Kf6 34.
Qd8 $1 {is a lot better acc. to SF8. It takes a while to appreciate just how
tied up Black is! A sample line (and far from complete) is} Rh5 35. Rxh5 Qxh5
36. Rd1 (36. Nc8 {is the endgame cash-in play}) 36... Qg6 37. f4 e4 38. Re1
Qxg3 39. Nxe4+) 33... Qxf5 34. Nxd6+ Ke6 35. Nxf5 Kxf5 36. Rh5+ (36. Kc2) (36.
Rd1) 36... Kg6 37. Rh4 Rd7 38. Rd1 Rd4 {Dangerous at first, until I saw I
could compromise his pawns, when the a-pawns go (his off the board, mine to
touchdown)} 39. Rhxd4 exd4 40. b3 b5 41. Kd2 c4 42. bxc4 bxc4 43. Rc1 c3+ 44.
Kd3 h5 45. Rb1 h4 46. Rb6+ Bf6 47. gxh4 Kf5 48. h5 Be5 49. h6 Kf4 50. Re6 Bh8
51. Re8 1-0

[Event "Mechanics' Spring TNM; G/2"]
[Site "San Francisco"]
[Date "2017.03.14"]
[Round "1.1"]
[White "Winslow, Elliott C"]
[Black "Erickson, Lane Aus"]
[Result "1-0"]
[WhiteElo "2310"]
[BlackElo "1645"]
[Annotator "Winslow"]
[PlyCount "67"]
[EventDate "2017.??.??"]

1. d4 Nf6 2. c4 c5 3. d5 b5 4. cxb5 a6 5. bxa6 g6 6. Nc3 Bxa6 {Stohl,I: 'After
Adams and Topalov stopped playing the Benko almost a decade ago, the gambit
went into a decline and became a very rare guest at the higher level.
Therefore Bologan using it in Biel no less than 3 times came as a surprise.
Although it brought the out-of-form Moldavian GM only grief, the positions
were perhaps not so clear as the results indicate. '} 7. Nf3 ({
Another important line is} 7. g3 d6 8. Nf3 Bg7 9. Bg2 O-O 10. Rb1 {and now:}
Nbd7 (10... Bc8 11. Nd2 $5 Bf5 12. e4 Bc8 $6 {was an unusual novelty, but
White quickly returned the pawn for a powerful initiative after} (12... Bg4 13.
Qc2 Na6 14. a3 Qc8 15. Nc4 Rb8 16. Na5 Bd7 17. O-O c4 18. Nc6 Bxc6 19. dxc6 e6
20. Rd1 Ng4 21. Bg5 Qc7 {Happel,H (2254)-Kohler,A (2298)/Amsterdam/2002/} 22.
a4 $5 $36 {[%cal Rc3b5]}) 13. O-O Ba6 14. Re1 Nfd7 15. Nf3 Bc4 16. Bf4 $1 Nb6
17. e5 Bxa2 18. Ra1 Bxd5 19. Nxd5 Rxa1 20. Nxe7+ Qxe7 21. Qxa1 d5 22. e6 $1
fxe6 23. Bh3 e5 24. Nxe5 Qf6 25. Qa7 $18 {
->,Wang,H (2739)-Bologan,V (2732)/Biel/2012/}) 11. O-O Qa5 {
is the more customary choice:} 12. Bd2 (12. Qc2 Nb6 13. Rd1 Nfd7 14. Bd2 Nc4
15. Be1 Rfb8 16. Qc1 Nde5 17. Nxe5 Nxe5 18. h3 Bc8 19. b3 c4 20. f4 Nd7 21. Qe3
cxb3 22. axb3 Qd8 23. Na4 Nf6 24. Bf2 Bf5 25. Rbc1 Rb4 26. g4 Bd7 27. Rc6 Rab8
28. Rd3 {Korobov,A (2660)-Caruana,F (2736)/Moscow/2012/} h5 $5 $13) 12... Bb7 (
12... Rfb8 13. Qc2 {Kramnik,V (2807)-Topalov,V (2743)/Wijk aan Zee/2003/ This
game seriously affected the popularity of the whole Benko Gambit. See the more
detailed notes in CBM 93}) 13. Qc2 Qa7 $5 14. e4 Ba6 15. Rfd1 Ng4 16. Be1 Rfb8
17. b3 Nge5 18. Nxe5 Nxe5 19. h3 $6 (19. a4 $1 $13 {/+/=}) 19... c4 $36 20. b4
Nd3 21. a3 $6 (21. b5 $142 $132) 21... Bc8 22. Ra1 Bd7 23. Ra2 Qd4 24. Ne2 Nxe1
25. Nxd4 $2 (25. Rxe1 Qd3 $36) 25... Nxc2 26. Nxc2 Ba4 $19 {
[%cal Ra4b3] Le Quang,L (2693)-Bologan,V (2732)/Astana blitz/2012/}) 7... d6 8.
e4 Bxf1 9. Kxf1 Bg7 10. g3 O-O 11. Kg2 Nbd7 12. a4 $5 {
The newest trend in this line.} (12. Re1) (12. h3 {These two continuations
occurred in an absolute majority of the games which feature our position. As
White mostly plays both moves in quick succession, the lines often transpose
into each other.}) 12... Qb6 (12... Nb6 $6 13. Qe2 Qc8 14. Ra3 Qa6 15. Nb5 Rfc8
16. Bd2 $16) (12... Ra6 {Winslow,E} 13. Ra3 Qa8 14. Qc2 $14) (12... Ng4 {
Winslow,E} 13. Nd2 Bxc3 14. bxc3 Ngf6 15. Qc2 Qb6 16. Bb2 Ne8 17. c4 Nc7 18.
Bc3 Na6 19. Nf1 Nb4 20. Qe2 e5 21. dxe6 fxe6 22. h4 Kf7 23. h5 g5 24. h6 Nc6
25. Qh5+ Ke7 26. Qxg5+ Nf6 27. Qg7+ {
1-0 Bhat, V (2547) - Lorenzo de la Riva,L (2390) Montcada 2010}) 13. Qe2 $5 {
(Stohl,I) Winslow,E: Carlsen,M - Bologan, V} (13. Qc2 Qb4 14. Bd2 Rfb8 15. Rhb1
Qb3) (13. Ra3 $1 {Atalik: "My contribution to the theory."} Rfb8 (13... c4 14.
Qe2) (13... Qb4 14. Rb3) 14. Qc2 c4 $5 (14... Qb4 15. Nd2 Nb6 16. Rb3 Qa5 17.
Rb5 Qa6 18. Qb3 $16) 15. Rd1 (15. Nb5 $5 Nc5 16. Nfd4 Ncxe4 17. Re1 Nxf2 18.
Qxf2 Nxd5 $44) 15... Ng4 (15... Nc5 $2 16. Rd4 $18) 16. Nb5 Nc5 17. h3 Ne5 (
17... Nf6 $2 18. Rd4 $18) 18. Nxe5 Bxe5 {Something has obviously gone wrong
for Black! White not only kept the pawn but also enjoys a space advantage.} 19.
f4 (19. Be3 Rc8 20. Bd4 Bxd4 21. Nxd4 $16) (19. Nd4 Bxd4 20. Rxd4 Nd3 21. Rdxd3
cxd3 22. Qxd3 $16) 19... Bg7 20. Be3 h5 $2 {
This just weakens Black's pawn structure.} (20... Rc8 21. e5 $1 (21. Qxc4 Bxb2
22. Ra2 Bg7 23. Qb4 $14) 21... Qb7 (21... dxe5 $2 22. Qxc4 exf4 (22... Nxa4 23.
Qxc8+ Rxc8 24. Bxb6 Nxb6 25. Rc3 $18) 23. gxf4 Bxb2 24. Ra2 Bg7 25. Rc1 $18)
22. exd6 (22. Bxc5 Rxc5 23. exd6 Rxd5 (23... exd6 24. Re3) 24. Rxd5 Qxd5+ 25.
Rf3 $16) 22... Nd3 23. Kh2 (23. Rdxd3 cxd3 24. Qxd3 exd6 25. a5 Rab8 26. Rb3
Qa6 27. Bb6 Rxb6 28. axb6 Qxb6 29. Na3) 23... Nxb2 24. Rb1 Qxd5 25. Rxb2 Bxb2
26. Qxb2) 21. e5 Rc8 22. f5 $1 {1-0 (48) Atalik,S (2593)-Ditiatev,S (2267) Loo
2013 EXT 2014 [Atalik,S] So far so good,I had tons of time and a winning
position over the board.} (22. Rc3 Qb7 23. Rxc4 Nxa4 24. Rxc8+ Qxc8 25. Qxc8+
Rxc8 26. exd6 exd6 27. Nxd6 $16) (22. exd6 exd6 23. f5 Kh7 24. g4 $18 {
were equally strong.})) 13... Rfb8 (13... Ng4 $6 14. Nd2 Ngf6 15. Nc4 Qb4 16.
Bd2 Nb6 17. Nxb6 Qxb6 18. Nb5 e6 19. Bc3 exd5 20. exd5 Rfe8 21. Qf3 Nd7 22.
Rhe1 Ne5 23. Bxe5 (23. Qd1 $5 $16) 23... Rxe5 24. Rxe5 Bxe5 25. Qe2 $16 {
Thorfinnsson,B (2421) - Rodriguez Guerrero,E (2454) England 2012}) 14. Re1 $146
(14. Nb5 Ne8 15. Bg5 $146 ({
The developing text move seems more to the point than} 15. Nd2 Qa6 16. Ra3 Nc7
17. Re1 Nxb5 18. axb5 Qb7 (18... Qb6 $5 {/\} 19. Nb1 Ra5 20. Rxa5 Qxa5 21. Na3
Qb4 $44) 19. Nb1 $1 $14 Rxa3 20. Nxa3 Nb6 21. Rd1 Re8 22. f3 Qa8 23. Qc2 Bd4
24. Rd3 e6 $6 25. dxe6 fxe6 26. Be3 $16 {
Aliavdin,N (2382) - Licznerski,L (2269) Lazy 2012}) 15... Qd8 (15... h6 $6 16.
Bxe7 Rb7 (16... f6 $2 17. Nh4 Kf7 18. Nxg6 $1 Kxg6 19. Qg4+ $18) 17. Nd2 Ne5
18. f4 Rxe7 19. fxe5 Bxe5 20. Nc4 Qd8 21. Rhf1 Nc7 22. Nxc7 Qxc7 23. a5 Rae8
24. a6 Bg7 25. a7 Ra8 26. Ra6 $16 {Shaw,P (2168) - Ledger,S (2089) GBR-ch
North Shields 2012 Curiously enough, this game was played on the same day!}) (
15... Kf8 16. Qc2 {[%cal Yf3d2,Yd2c4]} Nc7 17. Nxc7 Qxc7 18. Rab1 $14 {
[%cal Yb2b3,Yg5d2,Yd2c3]}) 16. Ra3 (16. Ra2 h6 (16... Nc7 $5 {/\} 17. Bxe7 Qxe7
18. Nxc7 Ra5 {[%cal Rb8b7]} 19. Rha1 Nf6 20. Nb5 Qxe4 $13) 17. Bd2 Nc7 18. Nxc7
(18. Rha1 Nxb5 19. axb5 Rxa2 20. Rxa2 Qb6 21. Bc3 Nf6 22. Nd2 Nd7 $5 $132)
18... Qxc7 19. Rb1 Rb3 $44) 16... Nb6 {Black ignores play on the b-file and
starts a more complex plan of undermining White's centre.} ({
However, this backfires in the end, so} 16... h6 17. Bf4 Nc7 18. Rha1 (18. Nc3
$5) 18... Ra5 $14 {[%cal Gb8b2] /<=> possibly promises better counterchances.})
17. b3 (17. a5 $5 Nd7 18. Rha1 $14) 17... Qd7 18. Ra2 (18. Rd1 Nxd5 $5 19. exd5
Rxb5 20. Qxe7 Qxe7 21. Bxe7 Rb7 $44) 18... f6 {Bologan follows his idea.} (
18... h6 19. Bc1 Nc7 {now favours White after} 20. Nxc7 Qxc7 21. Bb2 $36) 19.
Bc1 f5 20. exf5 (20. Re1 fxe4 (20... Rb7 $5) 21. Qxe4 Nf6 22. Qxe7 Qxe7 23.
Rxe7 Nbxd5 {[%cal Rd5e7, Rb8b5]} 24. Ree2 Nb4 $14 {/<=>}) 20... gxf5 (20...
Qxf5 21. Rd1 {also doesn't solve Black's problems:} Nf6 (21... Nxd5 22. Qc4
Rxb5 (22... e6 23. g4 Qf6 24. Ng5 Rxb5 25. Qxb5 Nf4+ (25... Nc3 26. Qb7 Nc7 27.
Qxc7 Nxa2 28. Be3 $18) 26. Kg3 Nc7 27. Qc4 $16) 23. axb5 Rxa2 24. Rxd5 Qf7 (
24... Qc2 25. Qxc2 Rxc2 26. b6 Nf6 27. Bg5 $1 Nd7 $8 28. Bxe7 Nxb6 29. Rxd6 $18
{[%csl Rb6]}) 25. b6 e6 26. Rd3 $16 {[%cal Rb3b4,Yf3g5]}) (21... Bf6 22. h3 $16
{[%cal Yg3g4,Yc1b2] /\} Nxd5 23. Qc4 Rxb5 (23... e6 24. g4 Qb1 25. Re2 $18) 24.
axb5 Rxa2 25. Rxd5 Qe6 26. b6 $40) 22. Qxe7 (22. Nc7 $5 $36) 22... Nfxd5 23.
Qe1 $16 {[%csl Rd6]}) 21. Rd1 Nf6 22. Qe6+ Qxe6 23. dxe6 $16 {[%csl Ge6,Re7,
Rf5] 1-0 (40) Carlsen,M (2837)-Bologan,V (2732) Biel 2012 CBM 150 [Stohl,I]
Although Black's pieces are active, he can't effectively attack the advanced
e6-pawn and this in connection with the weakness on f5 (both pawn and square)
and consequently e7 give White a sizeable advantage.}) ({
Stohl,I: 'In the last round we saw'} 14. Bd2 $1 Qb3 (14... Ne8 15. Rhb1 Nc7 16.
Nd1 $146 (16. Ra3 Qa6 17. Qd1 Ne5 $5 (17... Nb6 18. b3 $14) 18. Nxe5 Bxe5 19.
Qc2 {(same position as my game except R/a3 instead of a1)} Rb6 20. Nd1 Rab8 21.
Bc3 Bxc3 22. Rxc3 (22. Nxc3 $142 Qa5 23. b3 Rb4 $44) 22... Rb4 23. b3 Qb7 24.
Rb2 f5 25. f3 fxe4 26. fxe4 e6 $36 {
1/2 ,Elsness,F (2499) - Byklum,B (2251), NOR-chT 2012}) 16... Qa6 17. Qxa6 Rxa6
18. a5 f5 19. exf5 Nxd5 (19... gxf5 $142 20. Nh4 (20. Ne3 f4 21. gxf4 Nf6 $13)
20... f4 $5 21. Bxf4 Nxd5 22. Bd2 e6 $14 {/<=>}) 20. fxg6 hxg6 21. Ra4 Nb4 22.
Ne3 Rb5 23. b3 e6 24. Bxb4 Rxb4 25. Rxb4 cxb4 26. Rc1 $1 $14 {
|^ Nakamura,H (2778) - Bologan,V (2732), Biel 2012}) 15. Rhb1 $14 e6 $2 16. Ra3
Qb7 17. dxe6 fxe6 18. Bf4 $36 {[%csl Rd6]} Qc6 19. Rd1 e5 $2 {
[%csl Rd5] Le français commence à être en grand retard à la pendule} 20. Qc4+
Kh8 21. Ng5 $40 {[%cal Gg5f7] 1-0 (43) Bhat,V (2549)-Tirard,H (2451) Metz 2010}
) 14... Ne8 15. Bd2 (15. Ra2 Qa6 16. Qxa6 Rxa6 17. Bf4 (17. Bg5)) (15. h4)
15... Nc7 (15... Qa6 16. Qxa6 Rxa6) 16. Reb1 (16. b3 $5) 16... Qa6 17. Qd1 (17.
Qxa6 Nxa6) 17... Ne5 (17... Qd3) (17... Qc4 18. Bf4 Bxc3 19. Qc2) 18. Nxe5 Bxe5
19. Qc2 (19. a5 Bxc3 20. Bxc3 Nb5 21. h4) 19... e6 (19... Ra7) (19... Rb7) 20.
dxe6 Nxe6 (20... fxe6 $5 21. h4 Qc6) 21. Nb5 Nd4 22. Qd3 Nxb5 23. axb5 Qxa1 24.
Rxa1 Rxa1 25. Bc3 Bxc3 $2 (25... Ra7 26. f4 Bd4 27. h4 Rab7 28. h5 Rxb5 (28...
gxh5 29. Qf3 Rxb5 30. Qxh5 $16) 29. h6 Rb3 30. Kh3 Kf8 31. Qa6 Ke7 32. Qc6 Bxc3
33. Qc7+ Ke6 34. bxc3 R3b7 35. Qc6 Rb6 36. Qd5+ Ke7 37. f5) 26. bxc3 Ra3 (26...
c4 27. Qxd6 Rxb5 28. Qd8+ Kg7 29. Qd4+ Kg8 30. Qxc4) 27. Qxd6 Rxb5 28. e5 $16
h5 $2 (28... Rb7) (28... Ra7) (28... Ra8) (28... Rba5 {Stockfish 8 64:} 29.
Qd8+ Kg7 30. Qf6+ Kg8 31. e6 fxe6 32. Qxe6+ Kg7 33. Qe7+ Kg8 34. h4 h5 35. Qe6+
Kg7 36. f4 c4 37. Qe7+ Kg8 38. Qf6 Kh7 39. Qf7+ Kh6 40. Qg8 Ra8 41. Qxc4 R3a5
42. Qe6 R8a6 43. Qe3 Rf5 44. Qe8 Kg7 45. Qe7+ Rf7 46. Qe5+ Kh7 47. c4 Ra2+ 48.
Kh3 Rf2 49. Qd4 Rc2 {[%eval 115,23] could just blockade}) 29. Qd8+ Kg7 30. Qf6+
Kf8 31. e6 Ra7 (31... Rb7 32. Qd8+ Kg7 33. e7 Rxe7 34. Qxe7) 32. Qh8+ Ke7 33.
exf7 Kxf7 34. Qh7+ 1-0

[Event "Mechanics' Summer TNM; G/2 d5"]
[Site "San Francisco"]
[Date "2017.06.06"]
[Round "3.3"]
[White "Winslow, Elliott C"]
[Black "Gaffagan, Steven"]
[Result "1-0"]
[WhiteElo "2291"]
[BlackElo "2080"]
[PlyCount "53"]
[EventDate "2017.??.??"]

1. d4 Nf6 2. c4 e6 3. Nf3 Bb4+ 4. Nbd2 O-O 5. a3 Be7 6. e4 d5 7. e5 Nfd7 8. Bd3
c5 9. h4 f5 10. g4 dxc4 11. Nxc4 Nb6 12. gxf5 Nxc4 13. Bxc4 Rxf5 14. Bd3 Rh5
15. Ng5 g6 16. Be2 Bxg5 17. Bxh5 Bxc1 18. Qxc1 Qxd4 19. Bf3 Nd7 20. h5 Nxe5 21.
Be2 Qe4 22. Rh3 Bd7 23. hxg6 Nxg6 24. Qh6 Ne5 25. Rg3+ Ng6 26. O-O-O Rf8 27.
Rxd7 1-0